寄給美國兒媳的十二封信

資料類型: Book 圖書   書目號:46882

Leader xxxxxxxxxx
001 __ PCLIS00046882
005 __ 20130224160700.0008
010 0_ |a978-957-41-9611-1|b平裝|dNT:300
042 __ |anbim
100 __ |a20121114d2012    m  y0chiy09      e
101 1_ |achi
102 __ |atw
200 1_ |a寄給美國兒媳的十二封信|d哲學爸爸的叮嚀|e|f黃成權作
205 __ |a初版
210 __ |a桃園縣平鎮市|c黃成權出版:濬哲發行|d2012(民101)
215 0_ |a192面|c|d21公分
225 __ |a|v
300 __ |a
681 __ |a855|b4454
700 _1 |a|b成權|4702 __ |a|b|4
801 _0 |atw|bNCC|c20121114|gCCR
詳細館藏(共 1 筆)
索 書 號登 錄 號冊次號館別 / 館藏地流通類型狀態加入預約清單電子資源
855 / 8334 2019375  圖書館 / 一樓普通區 可外借30天 在館   

| 條列資料




目錄查詢 分類查詢 個人資料 圖書薦購 新書查詢 閉館日 排行榜 更多電子資源 Hami書城 線上資料庫 登出

From : 216.73.216.116

  本日流通累計至 20:01:50 借閱 : 6 次 續借 : 0 次 歸還 : 8 次 預約 : 0 次 電子資源 : 0 次


內湖高中圖書館  PCLIS 版本  25.5.0.2